| 000 | 00000nam 2200000zi 4500 |
| 001 | 9.873566 |
| 003 | CaOODSP |
| 005 | 20221107163942 |
| 006 | m o d f |
| 007 | cr cn||||||||| |
| 008 | 190524t19931993onca o f000 0 fre d |
| 020 | |z0662983416|q(imprimé) |
| 040 | |aCaOODSP|bfre|erda|cCaOODSP |
| 043 | |an-cn--- |
| 086 | 1 |aRG64-5/1993F-PDF|zRG64-5/1993F |
| 245 | 00|aSe sortir de l'endettement : |bguide pour les consommateurs. |
| 246 | 17|aEndettement |
| 264 | 1|a[Ottawa] : |bConsommation et affaires commerciales Canada = Consumer and Corporate Affairs Canada, |c[1993] |
| 264 | 4|c©1993 |
| 300 | |a1 ressource en ligne (20 pages) : |billustrations |
| 336 | |atexte|btxt|2rdacontent/fre |
| 337 | |ainformatique|bc|2rdamedia/fre |
| 338 | |aressource en ligne|bcr|2rdacarrier/fre |
| 500 | |aPublié aussi en anglais sous le titre : Dealing with debt: a consumer's guide. |
| 500 | |a« CACC n° 11153 93-04. » |
| 500 | |aÉdition numérisée de l'imprimé [par Innovation, sciences et développement économique Canada]. |
| 520 | |a« Nombreux sont les Canadiens qui, un jour ou l'autre, éprouveront des ennuis financiers. Plusieurs des problèmes qui se posent sont faciles à résoudre. Mais d'autres exigent l'intervention d'un expert. La meilleure façon d'agir face aux difficultés est d'abord d'en admettre l'existence avant de perdre tout à fait le contrôle de la situation. Cette brochure vous aidera à voir si vous avez, oui ou non, un sérieux problème de dettes. Elle vous fera également certaines suggestions pour vous permettre de régler vos problèmes et de les éviter à l'avenir. Les renseignements contenus dans ce document s'adressent uniquement aux particuliers et non pas aux entreprises qui ont des problèmes de nature financière. Nous rappelons à nos lecteurs que la présente brochure ne doit pas servir à des fins légales. Son seul objectif est de renseigner les particuliers qui font face à des difficultés financières » -- Introduction, page 4. |
| 530 | |aÉgalement disponible en format imprimé. |
| 692 | 07|2gccst|aDette |
| 692 | 07|2gccst|aFaillite |
| 692 | 07|2gccst|aFinances personnelles |
| 710 | 1 |aCanada. |bConsommation et corporations Canada. |
| 775 | 08|tDealing with debt : |w(CaOODSP)9.873564 |
| 776 | 0#|tSe sortir de l'endettement : |w(CaOODSP)9.678564 |
| 856 | 40|qPDF|s13.18 Mo|uhttps://publications.gc.ca/collections/collection_2019/isde-ised/RG64-5-1993-fra.pdf |